पापा ! जब मैं बड़ा बनूंगा / (Record no. 207569)

MARC details
000 -LEADER
fixed length control field 00895nam a22001937a 4500
005 - DATE AND TIME OF LATEST TRANSACTION
control field 20241211121703.0
010 ## - LCCN (DPL NO)
LC control number B-761401
020 ## - INTERNATIONAL STANDARD BOOK NUMBER
International Standard Book Number 9788196231262
Terms of availability 250.00
035 ## - SYSTEM CONTROL NUMBER
System control number B-761401
037 ## - SOURCE OF ACQUISITION
Source of stock number/acquisition उपहार
082 ## - DEWEY DECIMAL CLASSIFICATION NUMBER
Classification number 821
100 ## - MAIN ENTRY--PERSONAL NAME
Personal name चमोला, दिनेश "शैलेश"
245 ## - TITLE STATEMENT
Title पापा ! जब मैं बड़ा बनूंगा /
Statement of responsibility, etc दिनेश चमोला, "शैलेश"
260 ## - PUBLICATION, DISTRIBUTION, ETC. (IMPRINT)
Place of publication, distribution, etc देहरादून
Name of publisher, distributor, etc अनन्य प्रकाशन
Date of publication, distribution, etc 2023
270 ## - ADDRESS
Address ई-17, पंचशील गार्डन, नवीन शाहदरा,
City दिल्ली
Postal code 110032
300 ## - PHYSICAL DESCRIPTION
Extent 110पृ.
Dimensions 22सेमी (सजिल्द)
Other physical details सचित्र
942 ## - ADDED ENTRY ELEMENTS (KOHA)
Source of classification or shelving scheme Dewey Decimal Classification
Item type Children Books
Classification part 821
Call number suffix चमोला
Holdings
Withdrawn status Lost status Not for loan Collection code Home library Current library Date acquired Source of acquisition Cost, normal purchase price Full call number Barcode Copy number Cost, replacement price Koha item type Public note
      Non-fiction Central Library Central Library 11/12/2024 उपहार /06/12/2024 250.00 821 चमोला B-761401 1 250.00 Children Books उपहार

© Delhi Public Library
Hit Counter
free hit counter